Manuel José Quintana y el espíritu de la España liberal (Con textos desconocidos) / (Record no. 53612)
[ view plain ]
| 000 -LEADER | |
|---|---|
| campo de control de longitud fija | 00932nam a2200253 i 4500 |
| 001 - NÚMERO DE CONTROL | |
| campo de control | 53612 |
| 003 - IDENTIFICADOR DE NÚMERO DE CONTROL | |
| campo de control | ES-MaACL |
| 005 - FECHA Y HORA DE LA ÚLTIMA TRANSACCIÓN | |
| campo de control | 20240420063022.0 |
| 007 - CAMPO FIJO DE DESCRIPCIÓN FÍSICA--INFORMACIÓN GENERAL | |
| campo de control de longitud fija | t| |
| 008 - DATOS DE LONGITUD FIJA--INFORMACIÓN GENERAL | |
| campo de control de longitud fija | 031105s1995 sp ||||1| spa d |
| 020 ## - NÚMERO INTERNACIONAL ESTÁNDAR DEL LIBRO | |
| Número Internacional Estándar del Libro | 84-7898-106-3 |
| 080 ## - NÚMERO DE LA CLASIFICACIÓN DECIMAL UNIVERSAL | |
| Número de la Clasificación Decimal Universal | 929 Quintana, Manuel José |
| 080 ## - NÚMERO DE LA CLASIFICACIÓN DECIMAL UNIVERSAL | |
| Número de la Clasificación Decimal Universal | 321.7(460)"18" |
| 100 0# - ENTRADA PRINCIPAL--NOMBRE DE PERSONA | |
| Nombre de persona | Martínez Torrón, Diego, |
| Fechas asociadas al nombre | 1950- |
| 9 (RLIN) | 78451 |
| 245 10 - MENCIÓN DEL TÍTULO | |
| Título | Manuel José Quintana y el espíritu de la España liberal (Con textos desconocidos) / |
| Mención de responsabilidad, etc. | Diego Martínez Torrón. |
| 260 ## - PUBLICACIÓN, DISTRIBUCIÓN, ETC. | |
| Lugar de publicación, distribución, etc. | Sevilla : |
| Nombre del editor, distribuidor, etc. | Alfar, |
| Fecha de publicación, distribución, etc. | 1995. |
| 300 ## - DESCRIPCIÓN FÍSICA | |
| Extensión | 335 p. ; |
| Dimensiones | 24 cm. |
| 490 1# - MENCIÓN DE SERIE | |
| Mención de serie | Alfar Universidad ; |
| Designación de volumen o secuencia | 83. |
| Mención de serie | Serie Ediciones, Textos y Documentos |
| 600 14 - PUNTO DE ACCESO ADICIONAL DE MATERIA--NOMBRE DE PERSONA | |
| Nombre de persona | Quintana, Manuel José, |
| Fechas asociadas al nombre | 1772-1857 |
| 9 (RLIN) | 94670 |
| 650 14 - PUNTO DE ACCESO ADICIONAL DE MATERIA--TÉRMINO DE MATERIA | |
| Término de materia o nombre geográfico como elemento de entrada | Liberalismo- |
| Subdivisión geográfica | España- |
| Subdivisión cronológica | S.XIX. |
| 9 (RLIN) | 14390 |
| 830 0# - PUNTO DE ACCESO ADICIONAL DE SERIE-TÍTULO UNIFORME | |
| Título uniforme | Alfar Universidad ; |
| Designación de volumen o secuencia | 83. |
| Título uniforme | Serie Ediciones, Textos y Documentos |
| 9 (RLIN) | 230263 |
| 852 ## - LOCALIZACIÓN | |
| Ubicación | ES-MaACL |
| Número de control de estantería | L-26600 |
| Sublocalización o colección | R.132225 |
| Estatus retirado | Estado de pérdida | Estado de daño | No para préstamo | Biblioteca de origen | Biblioteca actual | Ubicación en estantería | Fecha de adquisición | Fuente de adquisición | Total de préstamos | Signatura topográfica completa | Código de barras | Visto por última vez | Precio de reemplazo | Tipo de ítem Koha |
|---|---|---|---|---|---|---|---|---|---|---|---|---|---|---|
| Biblioteca del Ateneo de Madrid | Biblioteca del Ateneo de Madrid | Depósito 2 | 17/01/2008 | L-26600 | 1056334 | 23/02/2023 | 23/02/2023 | Libro impreso |
